Queste̳s prt̀icas da aplicaȯ̂ da nova lei florestal aos setores elťrico, sucroalcooleiro e financeiro

Bibliographic Details
Main Author: Silveira da Rocha Sampaio, Rm̥ulo
Format: eBook
Language:Portuguese
Published: Rio de Janeiro: FGV - Direito Rio, 2016
Subjects:
Online Access:Acceso restringido

MARC

LEADER 00000nam a22000007a 4500
005 20170622000236.0
007 cr|||| ||||
008 170622s2016 br |||||s|||| 00||0 por d
020 |a 978-85-63265-79-1 
035 |a 20365 
040 |a vLex 
090 |c 6786  |d 6786 
100 1 |a Silveira da Rocha Sampaio, Rm̥ulo 
245 1 0 |a Queste̳s prt̀icas da aplicaȯ̂ da nova lei florestal aos setores elťrico, sucroalcooleiro e financeiro  |h [Recurso electrn̤ico] /  |c Rm̥ulo Silveira da Rocha Sampaio 
256 |a Servicio en ln̕ea 
260 |a Rio de Janeiro:  |b FGV - Direito Rio,  |c 2016 
300 |a 1 recurso electrn̤ico 
500 |a Cinco anos se passaram desde a entrada em vigor da nova Lei Florestal brasileira (Lei 12.651/12). O cenr̀io jurd̕ico ̌ainda de muito inseguranȧ. Isso prejudica a efetiva implementaȯ̂ dos instrumentos de efetiva proteȯ̂ ambiental e dos investimentos necessr̀ios ̉melhoria de vida da populaȯ̂. Esta obra toma emprestado trabalhos elaborados para os setores elťrico, sucroalcooleiro e financeiro como estudos de caso para a anl̀ise de alguns dos mais sensv̕eis pontos de tensô neste novo marco legal. Pretende, com isso, contribuir para os debates hermenůticos em prol de uma maior, e necessr̀ia, seguranȧ jurd̕ica na aplicaȯ̂ da Lei 12.651/12. 
506 1 |a Disponible solo en los productos indicados  |d vLex Global  |d vLex Global (Academic Edition, excluding Law Schools)  |d vLex Global (U.S. Academic Edition, Law Schools)  |d vLex Global (U.S. Academic Edition, excluding Law Schools)  |d vLex Global (Academic Edition, Law Schools) 
650 0 4 |a Derecho del Medio Ambiente  |z Brasil 
740 0 |a vLex Libros (Servicio en ln̕ea) 
856 4 0 |u http://vlex.com/source/quest-es-praticas-da-aplica-o-da-nova-lei-florestal-aos-setores-eletrico-sucroalcooleiro-e-financeiro-20365  |z Acceso restringido 
942 |c BOOK 
999 0 |a Environmental Law